000 01090nac a22002897a 4500
001 BR7906194
003 BR-BrBNA
005 20240105114511.0
008 230509b bl.|||m| |||| 00| 0 por d
040 _aBR-BrBNA
_bpor
_cBiblioteca Nacional de Agricultura
072 _aQ20; Q30; Q40
090 _a9000 BR7906194
110 1 _aBiblioteca Nacional de Agricultura, Brasilia, DF (Brasil)
_91256
245 1 _aBibliografias por produtos ou areas de interesse. Tecnologia de alimentos. Toxicologia e microbiologia dos alimentos, embalagem de alimentos, aditivos em alimentos [Bibliografia]
_bDOC/TEC/79/034
260 3 _aBrasilia, DF (Brasil):
_c1979.
300 _a580 p.
490 _aBibliografias por Produtos ou Areas de Interesse. Tecnologia de Alimentos (Brazil)
_vv. 4 (pt. 3)
_x
650 _aToxicologia de alimento
650 _aEmbalagem
650 _aAditivo
650 _aAlimento
650 _aMicrobiologia de alimento
650 _aTecnologia de alimento
650 _aBibliografia
909 _a202312
_bLúcia Elande
_c55
_dLúcia Elande
942 _2AGRIS
_n0
_cMS
999 _c269705
_d269705